000 00719nam a22002057a 4500
999 _c13193
_d13193
003 OSt
005 20190212111247.0
008 190211b ||||| |||| 00| 0 eng d
040 _cUM Digos College
082 _22018
_aUT 1204
_bR16
100 _4Rama, Jessa Mae P.
245 _aPlight of physical education Teachers in teaching Students with special needs.
_cJessa Mae P. Rama, Irish L. Limpio, and April N. Delovino.
260 _aDigos City:
_bUMDC
_cNovember 2018
300 _a62 pages;
_b30 cm.
650 _aEducation.
_v.Physical Education
_xUndergraduate thesis.
_935229
700 _aRama, Jessa Mae P.
_936888
700 _aLimpio, Irish L.
_936889
700 _aDelvino, April N.
_936890
942 _2ddc
_cUT